|
|
|
|
| LEADER |
00000naa2a2200000 4500 |
| 001 |
239970 |
| 005 |
20251208135500.0 |
| 035 |
|
|
|a (RuTPU)RU\TPU\book\261215
|
| 035 |
|
|
|a RU\TPU\book\260986
|
| 090 |
|
|
|a 239970
|
| 100 |
|
|
|a 20130618d2012 k y0rusy50 ba
|
| 101 |
0 |
|
|a eng
|
| 102 |
|
|
|a RU
|
| 135 |
|
|
|a drcn ---uucaa
|
| 200 |
1 |
|
|a Team-building organization in oil and gas companies
|f S. M. Kozireva, A. S. Savenkova
|g Sci. Ad. O. W. Pozharnickaya ; I. V. Shenderova
|
| 203 |
|
|
|a Text
|c electronic
|
| 215 |
|
|
|a 1 файл :291 Кб)
|
| 225 |
1 |
|
|a Geology, mining and petroleum engineering (English, German)
|
| 300 |
|
|
|a Заглавие с титульного листа
|
| 320 |
|
|
|a [Referen.: p. 819 (8 title)]
|
| 337 |
|
|
|a Adobe Reader
|
| 461 |
|
1 |
|0 (RuTPU)RU\TPU\book\252494
|t Проблемы геологии и освоения недр
|o труды XVI Международного симпозиума имени академика М. А. Усова студентов и молодых ученых, Томск, 2-7 апреля 2012 г.
|o в 2 т.
|f Национальный исследовательский Томский политехнический университет (ТПУ), Институт природных ресурсов (ИПР) ; Общество инженеров-нефтяников, Студенческий чаптер ; под ред. О. Г. Савичева
|d 2012
|
| 463 |
|
1 |
|0 (RuTPU)RU\TPU\book\252518
|t Т. 2
|v [С.818-819]
|d 2012
|
| 610 |
1 |
|
|a труды учёных ТПУ
|
| 610 |
1 |
|
|a электронный ресурс
|
| 610 |
1 |
|
|a тимбилдинг
|
| 610 |
1 |
|
|a нефтегазовые компании
|
| 610 |
1 |
|
|a производство
|
| 610 |
1 |
|
|a командообразование
|
| 610 |
1 |
|
|a эффективность
|
| 700 |
|
1 |
|a Kozireva
|b S. M.
|
| 701 |
|
1 |
|a Savenkova
|b A. S.
|
| 702 |
|
1 |
|a Pozharnickaya
|b O. W.
|c Wirtschaftsfachmann
|c Dozent der Polytechnischen Universität Tomsk, Kandidat der Wirtschaftswissenschafte
|g Olga Wjatscheslawovna
|4 727
|
| 702 |
|
1 |
|a Shenderova
|b I. V.
|4 727
|
| 801 |
|
1 |
|a RU
|b 63413507
|c 20130205
|
| 801 |
|
2 |
|a RU
|b 63413507
|c 20150321
|g RCR
|
| 856 |
4 |
|
|u http://www.lib.tpu.ru/fulltext/c/2012/C11/V2/393.pdf
|
| 942 |
|
|
|c CF
|